LEADER 01068nam0 2200301 450 001 000003687 005 20050630120000.0 010 $a88-14-09287-7 100 $a--------d2001----km-y0itay50------ba 101 $aita 102 $aIT 200 1 $a<>sicurezza del lavoro sulle navi e nei porti$fcon contributi scientifici di C. Angelone, A. Antonini, G. Camarda...[et al.] 210 $a[Milano]$cGiuffrè$d2001c 215 $a99 p.$d24 cm 225 2 $aCentro di ricerche giuridiche per la pesca e la navigazione$v10 410 0$12001$aCentro di ricerche giuridiche per la pesca e la navigazione 610 1 $aDiritto del lavoro 610 1 $aNavi$aLavoro$aSicurezza 610 1 $aPorti$aLavoro$aSicurezza 676 $a344.01 701 1$aAngelone,$bClaudio$0145234 701 1$aAntonini,$bAlfredo$0232202 701 1$aCamarda,$bGuido$0226464 801 0$aIT $bUNIPARTHENOPE $gRICA $2UNIMARC 912 $a000003687 951 $cNAVA1$a343-S/16$b35179$d20020311 996 $aSicurezza del lavoro sulle navi e nei porti$91223618 997 $aUNIPARTHENOPE LEADER 01003cam0 2200289 450 001 E600200038632 005 20150710114309.0 100 $a20080714d1988 |||||ita|0103 ba 101 $aita 102 $aIT 200 1 $aRacconti$fNathaniel Hawthorne$gintroduzione di Goffredo Fofi$gtraduzione di Diego Valori e Marco Papi 205 $a3. ed 210 $aMilano$cGarzanti$d1988 215 $aXXVII, 282 p.$d18 cm 225 2 $agrandi libri Garzanti 410 1$1001LAEC00015697$12001 $aI *grandi libri Garzanti 700 1$aHawthorne$b, Nathaniel$3AF00014279$4070$0192202 702 1$aFofi, Goffredo$3A600200039993$4070 801 0$aIT$bUNISOB$c20150710$gRICA 850 $aUNISOB 852 $aUNISOB$j820|Coll|10|K$m67698 912 $aE600200038632 940 $aM 102 Monografia moderna SBN 941 $aM 957 $a820|Coll|10|K$b000014$gSi$d67698$racquisto$1pregresso1$2UNISOB$3UNISOB$420080714090951.0$520150710114309.0$6Alfano 996 $aRacconti$91605617 997 $aUNISOB LEADER 02002nam0 22004093i 450 001 PIS0054484 005 20251003044309.0 100 $a20170309d2015 ||||0itac50 ba 101 | $aita$cita 102 $ait 181 1$6z01$ai $bxxxe 182 1$6z01$an 183 1$6z01$anc$2RDAcarrier 200 1 $aRoma Amor$fArmando A. Aprea 205 $a3. ed 210 $aRoma$cURSE$d2015 215 $a88 p.$cill$d24 cm 500 10$aRoma Amor$3PAL0343140$9RAVV059222$91495864 606 $aRoma$2FIR$3CFIC014337$9E 620 $aIT$dRoma$3LO1L002924 676 $a937$9STORIA DEL MONDO ANTICO - PENISOLA ITALIANA E TERRITORI LIMITROFI, FINO AL 476$v14 676 $a937$9STORIA DELL'ANTICA PENISOLA ITALIANA E TERRITORI LIMITROFI FINO AL 476$v23 700 1$aAprea$b, Armando A.$3RAVV059222$0169020 790 1$aAprea$b, Armando$3AUFV000810$zAprea, Armando A. 801 3$aIT$bIT-000000$c20170309 850 $aIT-BN0095 $aIT-BN0013 $aIT-BN0090 $aIT-NA0070 $aIT-CE0072 $aIT-BN0048 901 $bNAP SO$cSALA B $nSala di lettura 901 $bNAP 46$cMISCELLAN $n$ 901 $bNAP BS$cSAGGISTICA$n$ 901 $bNAP CE$cMISC. $n$ 901 $bNAP CE$cREGGIAMISC$n$ 901 $bNAP 01$cBCA $nComprende monografie e periodici di diritto, testi di ingegneria, di scienze e tecnologia di nuova acquisizione. 912 $aPIS0054484 950 0$aBiblioteca Centralizzata di Ateneo$c1 v. in tre copie$d 01BCA SC. SOCIAL 910$e 01 0000007515 VMA A4 1 v.$fB $h20220706$i20220706$c1 v. in tre copie$d 01BCA SC. SOCIAL 910$e 01 0000007525 VMA A4(bis 1 v. (2. copia)$fY $h20220706$i20220706$c1 v. in tre copie$d 01BCA SC. SOCIAL 910$e 01 0000007535 VMA A4(ter 1 v. (3. copia)$fY $h20220706$i20220706 977 $a 01$a 46$a BS$a BU$a CE$a SO 996 $aRoma Amor$91495864 997 $aUNISANNIO